Music Quiz

Random Music or Celebrity Quiz

The Big Board: Music Quiz Stats

 Plays Quiz Updated May 29, 2018

Challenge
Share
Tweet
Score 0/36 Timer 07:00
3 Plays Today
Hint Answer % Correct
Identify the album or artist from a piece of the cover art.
100%
Answer the trivia about 1980's pop.
99.9%
Identify the band or artist responsible for each lyric.
99.9%
Identify each musician from a teen photo.
99.9%
Name the guitarist in each image.
99.9%
How much do you know about Nirvana?
99.9%
Bad - Michael Jackson
93.2%
Rubber Soul - The Beatles
89.7%
Prince
85.5%
Aladdin Sane - David Bowie
85.3%
Jimi Hendrix
85%
Paul McCartney
85%
Born in the U.S.A. - Bruce Springsteen
83.5%
Cobain, Grohl, Novoselic
83.3%
Rick Astley
79.1%
Mariah Carey
78.3%
Courtney Love
78.2%
Livin' on a Prayer - Bon Jovi
75.6%
Hint Answer % Correct
We are the Champions - Queen
74.8%
Bruno Mars
74.8%
Washington
73.7%
Smells Like Teen Spirit
68.7%
A-ha
67.5%
Devo
65.5%
Carlos Santana
64.9%
B.B. King
64.7%
867-5309
61.3%
Blowin' In The Wind - Bob Dylan
60.3%
Blood Sugar Sex Magik - Red Hot Chili Peppers
53.4%
Whitney Houston
51.9%
About a Girl, etc.
51.7%
Paula Abdul
49.3%
Eddie Van Halen
46.9%
Anarchy in the UK - The Sex Pistols
46.1%
Just a Girl - No Doubt
44.7%
Snoop Dogg
41%

You're not logged in!

Compare scores with friends on all Sporcle quizzes.
Join for Free
OR
Log In

You Might Also Like...

Show Comments

Extras

Top Quizzes Today


Score Distribution

Your Account Isn't Verified!

In order to create a playlist on Sporcle, you need to verify the email address you used during registration. Go to your Sporcle Settings to finish the process.

Report this User

Report this user for behavior that violates our Community Guidelines.

Details: